[Event "Titled Tuesday intern op 06th May Early"]
[Site "Chess.com INT"]
[Date "2025.05.06"]
[Round "2"]
[White "Bryant, Todd C"]
[Black "Kantans, Toms"]
[Result "0-1"]
[WhiteElo "2066"]
[BlackElo "2517"]
[PlyCount "52"]
[EventDate "2025.05.06"]
[EventType "swiss (blitz)"]
[EventRounds "11"]
[EventCountry "USA"]
[SourceTitle "CB20_2025"]
[SourceDate "2025.05.14"]
[SourceVersion "1"]
[SourceVersionDate "2025.05.14"]
[SourceQuality "1"]

1. e4 c5 2. Nf3 Nf6 3. Nc3 Nc6 4. d4 d5 5. e5 cxd4 6. exf6 dxc3 7. bxc3 gxf6 8. c4 d4 9. Bb2 e5 10. Bd3 Bb4+ 11. Nd2 f5 12. 0-0 Be6 13. a3 Ba5 14. Nb3 Bb6 15. c5 Bc7 16. Qh5 Qf6 17. Bb5 0-0-0 18. Bxc6 bxc6 19. Rab1 Bd5 20. Bc1 Rdg8 21. g3 f4 22. Re1 Qg6 23. Qh3+ Qg4 24. Qxg4+ Rxg4 25. Bd2 h5 26. Ba5 Bb8 0-1

[Event "Titled Tuesday intern op 06th May Early"]
[Site "Chess.com INT"]
[Date "2025.05.06"]
[Round "8"]
[White "Bryant, Todd C"]
[Black "Winslow, Elliott C"]
[Result "1-0"]
[WhiteElo "2066"]
[BlackElo "2004"]
[PlyCount "107"]
[EventDate "2025.05.06"]
[EventType "swiss (blitz)"]
[EventRounds "11"]
[EventCountry "USA"]
[SourceTitle "CB20_2025"]
[SourceDate "2025.05.14"]
[SourceVersion "1"]
[SourceVersionDate "2025.05.14"]
[SourceQuality "1"]

1. e4 c5 2. Nf3 d6 3. d4 cxd4 4. Nxd4 Nf6 5. Nc3 g6 6. Be3 Bg7 7. f3 Nc6 8. Qd2 0-0 9. Bc4 Bd7 10. 0-0-0 Rc8 11. Bb3 Ne5 12. Kb1 Nc4 13. Bxc4 Rxc4 14. b3 Rc8 15. h4 Re8 16. h5 Qa5 17. Kb2 Nxh5 18. Rxh5 Qxh5 19. g4 Qa5 20. Rh1 Qxc3+ 21. Qxc3 Rxc3 22. Kxc3 Rc8+ 23. Kd3 b5 24. c3 e5 25. Nc2 a5 26. Bb6 Ra8 27. Ne3 Be6 28. Bc7 Ra6 29. Rd1 Kf8 30. Ke2 Ke7 31. Nd5+ Kd7 32. Bb8 Kc8 33. Bxd6 Rxd6 34. Nb6+ Kc7 35. Nd5+ Bxd5 36. exd5 f5 37. c4 bxc4 38. bxc4 Kb6 39. Kd3 Kc5 40. Rb1 Rb6 41. Rh1 h6 42. gxf5 gxf5 43. Rh5 Rf6 44. Rh1 Bf8 45. Rb1 Rb6 46. Rg1 e4+ 47. fxe4 fxe4+ 48. Kxe4 Kxc4 49. Rc1+ Kb5 50. Rb1+ Ka6 51. Rc1 h5 52. Rh1 Rh6 53. Kf5 h4 54. Kg5 1-0

[Event "Titled Tuesday intern op 18th Jun Late"]
[Site "Chess.com INT"]
[Date "2024.06.18"]
[Round "5"]
[White "Bryant, Todd C"]
[Black "Coe, William R"]
[Result "0-1"]
[WhiteElo "2028"]
[BlackElo "2078"]
[PlyCount "60"]
[EventDate "2024.06.18"]
[EventType "swiss (blitz)"]
[EventRounds "11"]
[EventCountry "USA"]
[SourceTitle "EXT 2025"]
[Source "ChessBase"]
[SourceDate "2024.10.14"]
[SourceVersion "1"]
[SourceVersionDate "2024.10.14"]
[SourceQuality "1"]

1. e4 c5 2. Nf3 e6 3. d4 cxd4 4. Nxd4 a6 5. Bd3 b5 6. 0-0 Bb7 7. Qe2 Qc7 8. c4 bxc4 9. Bxc4 Bc5 10. Nb3 Ba7 11. Nc3 Ne7 12. Bd3 Nbc6 13. Qg4 Ng6 14. h4 Nce5 15. Qg3 Rc8 16. h5 Nxd3 17. hxg6 Qxg3 18. gxf7+ Kxf7 19. Be3 Bxe3 20. fxe3+ Ke7 21. Rf3 Qg5 22. Raf1 Rhf8 23. Ne2 Ne5 24. Rg3 Rxf1+ 25. Kxf1 Ng4 26. Nf4 Nxe3+ 27. Rxe3 Qxf4+ 28. Rf3 Qxe4 29. Nd2 Rc1+ 30. Kf2 Qe1# 0-1

[Event "Titled Tuesday intern op 18th Jun Late"]
[Site "Chess.com INT"]
[Date "2024.06.18"]
[Round "10"]
[White "Hamedi Nia, Vesal"]
[Black "Bryant, Todd C"]
[Result "1-0"]
[WhiteElo "1941"]
[BlackElo "2028"]
[PlyCount "85"]
[EventDate "2024.06.18"]
[EventType "swiss (blitz)"]
[EventRounds "11"]
[EventCountry "USA"]
[SourceTitle "EXT 2025"]
[Source "ChessBase"]
[SourceDate "2024.10.14"]
[SourceVersion "1"]
[SourceVersionDate "2024.10.14"]
[SourceQuality "1"]

1. d4 Nf6 2. c4 g6 3. Nf3 Bg7 4. Nc3 0-0 5. Bg5 h6 6. Bh4 c5 7. e3 Qa5 8. Bd3 Nc6 9. 0-0 d6 10. a3 Bg4 11. Be2 g5 12. Bg3 Nh5 13. d5 Nd8 14. Rc1 Nxg3 15. hxg3 f5 16. Qd3 Nf7 17. Nh2 Ne5 18. Qd2 Bxe2 19. Qxe2 Qa6 20. Nb5 Qb6 21. f4 a6 22. Nc3 Nf7 23. Nf3 Qd8 24. Qc2 Qd7 25. Rce1 g4 26. Nh4 Nh8 27. e4 fxe4 28. Qxe4 Rf6 29. Qxe7 Qa4 30. Qxb7 Raf8 31. Nxa4 R6f7 32. Qxa6 Bd4+ 33. Kh2 Kg7 34. Qxd6 Rf6 35. Re6 R6f7 36. Rxh6 Bf6 37. Nf5+ Kg8 38. Rh1 Bd4 39. Nxd4 cxd4 40. Qe6 Kg7 41. Kg1 Rf6 42. Rh7+ Kg6 43. R1h6# 1-0

[Event "Titled Tuesday intern op 21st May Late"]
[Site "Chess.com INT"]
[Date "2024.05.21"]
[Round "5"]
[White "Bryant, Todd C"]
[Black "Oliveira, Tiago"]
[Result "1-0"]
[WhiteElo "2028"]
[BlackElo "1986"]
[PlyCount "103"]
[EventDate "2024.05.21"]
[EventType "swiss (blitz)"]
[EventRounds "11"]
[EventCountry "USA"]
[SourceTitle "CBM 220 Extra"]
[Source "ChessBase"]
[SourceDate "2024.07.31"]
[SourceVersion "1"]
[SourceVersionDate "2024.07.31"]
[SourceQuality "1"]

1. e4 c5 2. Nf3 Nc6 3. d4 cxd4 4. Nxd4 Nf6 5. Nc3 d6 6. Bg5 e6 7. Qd2 Be7 8. 0-0-0 Nxd4 9. Qxd4 0-0 10. f4 Qa5 11. Bh4 e5 12. Qd2 exf4 13. Qxf4 Qe5 14. Bg3 Bg4 15. Qxe5 dxe5 16. Rd3 Nd7 17. Nd5 Bg5+ 18. Kb1 Nc5 19. h4 Nxd3 20. hxg5 Nc5 21. Bc4 Be6 22. Bxe5 Bxd5 23. Bxd5 Rac8 24. b4 Ne6 25. Rh5 b6 26. a3 g6 27. Bxe6 fxe6 28. Rh1 Rc4 29. Bf6 Rxe4 30. Rd1 Rc8 31. Rd7 Re2 32. Rg7+ Kf8 33. Rxh7 Rcxc2 34. Rh8+ Kf7 35. Rh7+ Ke8 36. Rxa7 e5 37. Re7+ Kf8 38. Ra7 e4 39. Rb7 e3 40. Rb8+ Kf7 41. Rb7+ Ke6 42. Rxb6+ Kd5 43. Rb5+ Ke4 44. Rc5 Rxc5 45. bxc5 Rxg2 46. c6 e2 47. Kb2 e1Q+ 48. Kb3 Qa5 49. Kc4 Qc7 50. Kb5 Rc2 51. Kb4 Qxc6 52. Kb3 1-0

[Event "Titled Tuesday intern op 21st May Late"]
[Site "Chess.com INT"]
[Date "2024.05.21"]
[Round "4"]
[White "Kohler, Aran"]
[Black "Bryant, Todd C"]
[Result "1/2-1/2"]
[WhiteElo "2030"]
[BlackElo "2028"]
[PlyCount "139"]
[EventDate "2024.05.21"]
[EventType "swiss (blitz)"]
[EventRounds "11"]
[EventCountry "USA"]
[SourceTitle "CBM 220 Extra"]
[Source "ChessBase"]
[SourceDate "2024.07.31"]
[SourceVersion "1"]
[SourceVersionDate "2024.07.31"]
[SourceQuality "1"]

1. d4 Nf6 2. Bg5 g6 3. Nd2 Bg7 4. c3 0-0 5. e3 d6 6. Bd3 Nbd7 7. Ngf3 b6 8. h4 h5 9. Qb3 Kh8 10. 0-0-0 Bb7 11. e4 e5 12. dxe5 Nxe5 13. Nxe5 dxe5 14. Nc4 Qe7 15. f3 a5 16. g4 a4 17. Qc2 Qe6 18. Bxf6 Bxf6 19. gxh5 Be7 20. Kb1 b5 21. Ne3 c5 22. hxg6 fxg6 23. Be2 b4 24. h5 g5 25. Bc4 Qf6 26. Nf5 a3 27. Rd7 Bc8 28. Nxe7 Bxd7 29. Ng6+ Kh7 30. Nxf8+ Rxf8 31. Be2 axb2 32. cxb4 Ra8 33. Rd1 Be6 34. Bc4 Qf7 35. Bxe6 Qxe6 36. Rd5 Qa6 37. Rd7+ Kh6 38. Qxb2 Qf1+ 39. Kc2 Qe2+ 40. Rd2 Qc4+ 41. Kb1 Qf1+ 42. Qc1 Qxf3 43. Rd6+ Kxh5 44. Qxc5 Qf1+ 45. Qc1 Qxc1+ 46. Kxc1 Rxa2 47. b5 Ra5 48. b6 Rb5 49. Kd2 Kg4 50. Ke3 Rb3+ 51. Ke2 Kf4 52. Rg6 g4 53. Kd2 Kxe4 54. Rxg4+ Kf3 55. Rg6 e4 56. Kc2 Rb5 57. Kc3 Ke3 58. Kc4 Rb1 59. Kc5 Kd2 60. Kc6 e3 61. Re6 e2 62. Rxe2+ Kxe2 63. b7 Kd3 64. Kc7 Rc1+ 65. Kd8 Rb1 66. Kc8 Rc1+ 67. Kd8 Rb1 68. Kc8 Kc4 69. b8Q Rxb8+ 70. Kxb8 1/2-1/2

[Event "Titled Tuesday intern op 07th May Late"]
[Site "Chess.com INT"]
[Date "2024.05.07"]
[Round "4"]
[White "Bryant, Todd C"]
[Black "Samborski, Henryk"]
[Result "1-0"]
[WhiteElo "2029"]
[BlackElo "2085"]
[PlyCount "51"]
[EventDate "2024.05.07"]
[EventType "swiss (blitz)"]
[EventRounds "11"]
[EventCountry "USA"]
[SourceTitle "EXT 2025"]
[Source "ChessBase"]
[SourceDate "2024.10.14"]
[SourceVersion "1"]
[SourceVersionDate "2024.10.14"]
[SourceQuality "1"]

1. e4 c5 2. Nf3 d6 3. d4 cxd4 4. Nxd4 Nf6 5. Nc3 a6 6. Bg5 Nbd7 7. Qe2 b5 8. a3 Bb7 9. 0-0-0 Qc7 10. f4 e6 11. Kb1 Be7 12. Bh4 0-0 13. g4 Rfd8 14. g5 Ne8 15. Bh3 Nc5 16. Rhg1 g6 17. f5 e5 18. fxg6 hxg6 19. Nf5 gxf5 20. exf5 Bf8 21. f6 d5 22. Qh5 d4 23. g6 Bg7 24. Qh7+ Kf8 25. fxg7+ Nxg7 26. Qh8# 1-0

[Event "Titled Tuesday intern op 07th May Late"]
[Site "Chess.com INT"]
[Date "2024.05.07"]
[Round "9"]
[White "Mullodzhanov, Nathaniel"]
[Black "Bryant, Todd C"]
[Result "1-0"]
[WhiteElo "1926"]
[BlackElo "2029"]
[PlyCount "145"]
[EventDate "2024.05.07"]
[EventType "swiss (blitz)"]
[EventRounds "11"]
[EventCountry "USA"]
[SourceTitle "EXT 2025"]
[Source "ChessBase"]
[SourceDate "2024.10.14"]
[SourceVersion "1"]
[SourceVersionDate "2024.10.14"]
[SourceQuality "1"]

1. e4 c5 2. c3 Nf6 3. e5 Nd5 4. Nf3 d6 5. exd6 Qxd6 6. d4 cxd4 7. Nxd4 Nc6 8. Na3 e6 9. Nc4 Qc7 10. Be2 Be7 11. 0-0 0-0 12. Nb5 Qb8 13. Bf3 Nf6 14. g3 a6 15. Nd4 Bd7 16. Nb6 Ra7 17. Nxd7 Nxd7 18. Nxe6 fxe6 19. Qxd7 Rxf3 20. Bf4 Qf8 21. Qxe6+ Kh8 22. Qe4 Rxf4 23. Qxf4 Qxf4 24. gxf4 Ra8 25. Rad1 Rf8 26. Rfe1 h6 27. Rd7 Bc5 28. Rxb7 Rxf4 29. Re2 Na5 30. Rb8+ Kh7 31. b4 Bd6 32. Rd8 Nc4 33. Re6 Rg4+ 34. Kf1 Bxh2 35. Rxa6 Ne5 36. Rd4 Rg1+ 37. Ke2 Ng4 38. a4 h5 39. Ra5 g6 40. Ra7+ Kh6 41. a5 Rg2 42. Rf7 Bg3 43. a6 Bxf2 44. Rxg4 Bg3+ 45. Kf1 Ra2 46. Rxg3 Rxa6 47. Re3 h4 48. Rff3 g5 49. b5 Ra1+ 50. Re1 Ra2 51. b6 Rb2 52. Re6+ Kh5 53. Rff6 Kg4 54. c4 Kg3 55. Re3+ Kg4 56. Re7 h3 57. Rh7 h2 58. b7 Kg3 59. Rfh6 g4 60. Rxh2 Rb1+ 61. Ke2 Rxb7 62. Rxb7 Kxh2 63. Rg7 g3 64. c5 g2 65. c6 g1Q 66. Rh7+ Kg2 67. Rg7+ Kh1 68. Rxg1+ Kxg1 69. c7 Kh1 70. c8Q Kg1 71. Qg4+ Kh1 72. Kf2 Kh2 73. Qh5# 1-0

[Event "Titled Tuesday intern op 02nd Jan Late"]
[Site "Chess.com INT"]
[Date "2024.01.02"]
[Round "9"]
[White "Bryant, Todd C"]
[Black "Filipovic, Slobodan J"]
[Result "1-0"]
[WhiteElo "2084"]
[BlackElo "2191"]
[PlyCount "71"]
[EventDate "2024.01.02"]
[EventType "swiss (blitz)"]
[EventRounds "11"]
[EventCountry "USA"]
[SourceTitle "EXT 2025"]
[Source "ChessBase"]
[SourceDate "2024.10.14"]
[SourceVersion "1"]
[SourceVersionDate "2024.10.14"]
[SourceQuality "1"]

1. e4 c5 2. Nf3 Nc6 3. d4 cxd4 4. Nxd4 e5 5. Nb5 d6 6. N1c3 a6 7. Na3 b5 8. Nd5 Nge7 9. Be3 Nxd5 10. exd5 Ne7 11. c4 Nf5 12. cxb5 Nxe3 13. fxe3 Qh4+ 14. g3 Qe4 15. Kf2 Qxh1 16. bxa6 Qxh2+ 17. Bg2 Bd7 18. Qb3 Qh6 19. Nb5 Qf6+ 20. Kg1 Qd8 21. Rc1 Qb8 22. Nc7+ Kd8 23. Nxa8 Qa7 24. Qb6+ Qxb6 25. Nxb6 Bb5 26. Rc8+ Ke7 27. a7 Kf6 28. a8Q Kg5 29. Rxf8 Rxf8 30. Qxf8 Kf6 31. Qxd6+ Kf5 32. Nd7 h5 33. Qxe5+ Kg6 34. Be4+ Kh6 35. Qe7 Bxd7 36. Qxd7 1-0

[Event "Titled Tuesday intern op 02nd Jan Late"]
[Site "Chess.com INT"]
[Date "2024.01.02"]
[Round "6"]
[White "Garcia Almaguer, Juan Manuel"]
[Black "Bryant, Todd C"]
[Result "1-0"]
[WhiteElo "2126"]
[BlackElo "2084"]
[PlyCount "95"]
[EventDate "2024.01.02"]
[EventType "swiss (blitz)"]
[EventRounds "11"]
[EventCountry "USA"]
[SourceTitle "EXT 2025"]
[Source "ChessBase"]
[SourceDate "2024.10.14"]
[SourceVersion "1"]
[SourceVersionDate "2024.10.14"]
[SourceQuality "1"]

1. e4 c5 2. Nf3 d6 3. d4 cxd4 4. Nxd4 Nf6 5. Nc3 g6 6. Be3 Bg7 7. Be2 0-0 8. f3 Nc6 9. Qd2 d5 10. Nxc6 bxc6 11. e5 Nd7 12. f4 e6 13. 0-0 c5 14. Bf2 Bb7 15. Nb5 Bc6 16. c4 Bxb5 17. cxb5 f6 18. Bg4 Qe7 19. exf6 Qxf6 20. Rae1 Rae8 21. Re2 h5 22. Bh3 Bh6 23. g3 Rf7 24. Rfe1 Rfe7 25. Rxe6 Rxe6 26. Qxd5 Nf8 27. Bxc5 Kh7 28. Bxe6 Rxe6 29. Rxe6 Qxe6 30. Qxe6 Nxe6 31. Bxa7 Bg7 32. Kf2 Kg8 33. Ke3 Kf7 34. Ke4 Ke7 35. Kd5 Kd7 36. b6 Nd8 37. b4 Bf8 38. Kc4 Kc6 39. a4 Bd6 40. b5+ Kb7 41. a5 Ne6 42. a6+ Ka8 43. Kd5 Nxf4+ 44. Kxd6 Nd3 45. Kc7 Nc5 46. b7+ Nxb7 47. axb7+ Kxa7 48. b8Q# 1-0

[Event "Titled Tuesday intern op 02nd Jan Late"]
[Site "Chess.com INT"]
[Date "2024.01.02"]
[Round "8"]
[White "Gavrilov, Maxim"]
[Black "Bryant, Todd C"]
[Result "1/2-1/2"]
[WhiteElo "2186"]
[BlackElo "2084"]
[PlyCount "171"]
[EventDate "2024.01.02"]
[EventType "swiss (blitz)"]
[EventRounds "11"]
[EventCountry "USA"]
[SourceTitle "EXT 2025"]
[Source "ChessBase"]
[SourceDate "2024.10.14"]
[SourceVersion "1"]
[SourceVersionDate "2024.10.14"]
[SourceQuality "1"]

1. d4 Nf6 2. Nf3 g6 3. g3 Bg7 4. Bg2 c5 5. 0-0 cxd4 6. Nxd4 h5 7. h4 Nc6 8. c4 Ng4 9. Nxc6 dxc6 10. Qc2 Qc7 11. Nc3 0-0 12. b3 Rd8 13. Bb2 Bf5 14. e4 Be6 15. Rad1 Nf6 16. Ne2 Bg4 17. f3 Be6 18. Nf4 Bd7 19. Rd2 Be8 20. Rfd1 Rxd2 21. Qxd2 Bh6 22. e5 Nd7 23. Qd4 Bg7 24. Re1 Rd8 25. Qe3 Qb6 26. Bd4 c5 27. Bc3 Nf8 28. Nd5 Qe6 29. Kh2 Bc6 30. Bh3 f5 31. exf6 Qxe3 32. Rxe3 Bxf6 33. Bxf6 exf6 34. Nxf6+ Kf7 35. Ne4 Bxe4 36. fxe4 Rd2+ 37. Bg2 Rxa2 38. Kh3 Ne6 39. e5 b6 40. Bd5 Ke7 41. Rf3 Nd8 42. Rf6 Re2 43. Rxg6 Rxe5 44. Rg7+ Kd6 45. Rxa7 Re3 46. Rh7 Ne6 47. Bxe6 Kxe6 48. Rxh5 Rxb3 49. Rh6+ Kf5 50. Rc6 Ke5 51. h5 Kd4 52. h6 Rb1 53. Kg4 Rh1 54. Kg5 Kxc4 55. g4 b5 56. Kg6 b4 57. h7 b3 58. g5 b2 59. Rb6 Kc3 60. Kg7 c4 61. h8Q Rxh8 62. Kxh8 Kc2 63. g6 c3 64. g7 b1Q 65. Rxb1 Kxb1 66. g8Q c2 67. Qb8+ Ka1 68. Qe5+ Kb1 69. Qe4 Ka1 70. Qd4+ Kb1 71. Qd3 Ka1 72. Qa3+ Kb1 73. Qb3+ Ka1 74. Qa4+ Kb1 75. Qe4 Ka1 76. Qa8+ Kb1 77. Qb7+ Ka1 78. Qa6+ Kb1 79. Qb5+ Ka1 80. Qa4+ Kb1 81. Qb3+ Ka1 82. Qa3+ Kb1 83. Qd3 Ka1 84. Qf1+ Kb2 85. Qe2 Kb1 86. Qd3 1/2-1/2

[Event "Titled Tuesday intern op 02nd Jan Late"]
[Site "Chess.com INT"]
[Date "2024.01.02"]
[Round "10"]
[White "Horak, Martin"]
[Black "Bryant, Todd C"]
[Result "0-1"]
[WhiteElo "2349"]
[BlackElo "2084"]
[PlyCount "70"]
[EventDate "2024.01.02"]
[EventType "swiss (blitz)"]
[EventRounds "11"]
[EventCountry "USA"]
[SourceTitle "EXT 2025"]
[Source "ChessBase"]
[SourceDate "2024.10.14"]
[SourceVersion "1"]
[SourceVersionDate "2024.10.14"]
[SourceQuality "1"]

1. e4 c5 2. Nf3 d6 3. d4 cxd4 4. Qxd4 Nc6 5. Qe3 e5 6. Be2 Nf6 7. h3 d5 8. exd5 Nxd5 9. Qb3 Bb4+ 10. c3 Bc5 11. 0-0 Nb6 12. Rd1 Qe7 13. Ng5 f6 14. Ne4 Nd7 15. Nbd2 f5 16. Nxc5 Nxc5 17. Qa3 0-0 18. Nc4 e4 19. Be3 Ne6 20. Qxe7 Nxe7 21. Nd6 f4 22. Nxc8 Raxc8 23. Bxa7 f3 24. Bf1 Nf4 25. g3 Ne2+ 26. Bxe2 fxe2 27. Re1 Nc6 28. Be3 Ne5 29. Rxe2 Nf3+ 30. Kg2 Rfd8 31. a4 g5 32. a5 Rd3 33. a6 bxa6 34. Rxa6 Rd1 35. h4 g4 0-1

[Event "Titled Tuesday intern op 17th Oct Late"]
[Site "Chess.com INT"]
[Date "2023.10.17"]
[Round "9"]
[White "Bryant, Todd C"]
[Black "Teumer, Joerg"]
[Result "1-0"]
[WhiteElo "2119"]
[BlackElo "2148"]
[PlyCount "45"]
[EventDate "2023.10.17"]
[EventType "swiss (blitz)"]
[EventRounds "11"]
[EventCountry "USA"]
[SourceTitle "EXT 2025"]
[Source "ChessBase"]
[SourceDate "2024.10.14"]
[SourceVersion "1"]
[SourceVersionDate "2024.10.14"]
[SourceQuality "1"]

1. e4 d5 2. exd5 Nf6 3. Nf3 Nxd5 4. d4 Bf5 5. c4 Nb6 6. Nc3 e6 7. Bd3 Bxd3 8. Qxd3 Be7 9. 0-0 0-0 10. c5 Nd5 11. Qe4 c6 12. Be3 Nd7 13. Qg4 N7f6 14. Qh3 Re8 15. Ne5 Nxc3 16. bxc3 Nd5 17. c4 Nxe3 18. fxe3 Bf6 19. Qh5 g6 20. Qf3 Kg7 21. Ng4 Bxd4 22. Qxf7+ Kh8 23. Rad1 1-0

[Event "Titled Tuesday intern op 17th Oct Late"]
[Site "Chess.com INT"]
[Date "2023.10.17"]
[Round "11"]
[White "Bryant, Todd C"]
[Black "Zafirakos, Jesse"]
[Result "0-1"]
[WhiteElo "2119"]
[BlackElo "2004"]
[PlyCount "52"]
[EventDate "2023.10.17"]
[EventType "swiss (blitz)"]
[EventRounds "11"]
[EventCountry "USA"]
[SourceTitle "EXT 2025"]
[Source "ChessBase"]
[SourceDate "2024.10.14"]
[SourceVersion "1"]
[SourceVersionDate "2024.10.14"]
[SourceQuality "1"]

1. e4 d6 2. d4 e5 3. Nf3 Bg4 4. dxe5 Bxf3 5. Qxf3 dxe5 6. Bc4 Qf6 7. Qb3 Nd7 8. Nc3 Nc5 9. Nd5 Nxb3 10. Nxf6+ Nxf6 11. Bxb3 Nxe4 12. 0-0 Bc5 13. Be3 Bxe3 14. fxe3 f6 15. Rad1 Ke7 16. Bd5 Nd6 17. b3 c6 18. Bf3 Rhd8 19. c4 Nf7 20. Be4 g6 21. g4 Ng5 22. Bc2 Rxd1 23. Rxd1 Rd8 24. Rxd8 Kxd8 25. h4 Nf3+ 26. Kg2 Ne1+ 0-1

[Event "Titled Tuesday intern op 17th Oct Late"]
[Site "Chess.com INT"]
[Date "2023.10.17"]
[Round "5"]
[White "Erzhanov, Arman"]
[Black "Bryant, Todd C"]
[Result "1-0"]
[WhiteElo "2175"]
[BlackElo "2119"]
[PlyCount "101"]
[EventDate "2023.10.17"]
[EventType "swiss (blitz)"]
[EventRounds "11"]
[EventCountry "USA"]
[SourceTitle "EXT 2025"]
[Source "ChessBase"]
[SourceDate "2024.10.14"]
[SourceVersion "1"]
[SourceVersionDate "2024.10.14"]
[SourceQuality "1"]

1. e4 c5 2. Nf3 d6 3. d4 cxd4 4. Qxd4 Nc6 5. Qe3 Nf6 6. h3 e6 7. Be2 Be7 8. 0-0 0-0 9. c4 a6 10. Rd1 Qa5 11. Nc3 Rd8 12. b3 Bd7 13. Bb2 Be8 14. a3 Rac8 15. b4 Qc7 16. Rac1 Nd7 17. Nd5 exd5 18. cxd5 Qb6 19. dxc6 Qxe3 20. fxe3 Rxc6 21. Rxc6 bxc6 22. Bxa6 Rb8 23. Nd4 Rb6 24. Bf1 g6 25. Bc1 Ne5 26. Nf3 c5 27. bxc5 Nxf3+ 28. gxf3 dxc5 29. f4 Ba4 30. Re1 Bb3 31. Bb2 c4 32. Rc1 Rc6 33. e5 Kf8 34. Kf2 Bc5 35. Bd4 Bxa3 36. Ra1 Bb4 37. Ra8+ Ke7 38. Ra7+ Ke8 39. Bg2 Rc8 40. Bd5 Be7 41. e4 h5 42. f5 Bc2 43. f6 Bc5 44. Bxf7+ Kf8 45. Bxc5+ Rxc5 46. Bd5 Ba4 47. Ra8+ Be8 48. f7 c3 49. Rxe8+ Kg7 50. f8Q+ Kh7 51. Re7# 1-0

[Event "Titled Tuesday intern op 17th Oct Late"]
[Site "Chess.com INT"]
[Date "2023.10.17"]
[Round "7"]
[White "Vargas Benavides, Mauricio"]
[Black "Bryant, Todd C"]
[Result "0-1"]
[WhiteElo "1933"]
[BlackElo "2119"]
[PlyCount "88"]
[EventDate "2023.10.17"]
[EventType "swiss (blitz)"]
[EventRounds "11"]
[EventCountry "USA"]
[SourceTitle "EXT 2025"]
[Source "ChessBase"]
[SourceDate "2024.10.14"]
[SourceVersion "1"]
[SourceVersionDate "2024.10.14"]
[SourceQuality "1"]

1. e4 c5 2. Nc3 d6 3. f4 g6 4. Nf3 Bg7 5. Bb5+ Bd7 6. Bxd7+ Qxd7 7. d3 Nc6 8. 0-0 Nd4 9. Ne2 e6 10. c3 Nxe2+ 11. Qxe2 Ne7 12. Rb1 d5 13. e5 h5 14. Ng5 Nf5 15. Bd2 Bh6 16. a3 Bxg5 17. fxg5 0-0 18. g4 hxg4 19. Qxg4 Qc7 20. Bf4 Kg7 21. Rf3 Rh8 22. Rbf1 Rh5 23. Bg3 Rah8 24. Bf4 Qb6 25. R3f2 Rh4 26. Qe2 Qb3 27. Qc2 Rg4+ 28. Kh1 Qb6 29. Rg2 Rgh4 30. Qe2 d4 31. cxd4 cxd4 32. Rc1 Rxf4 33. Qd2 Ne3 34. Rgg1 Qb5 35. b4 Qd5+ 36. Rg2 Rfh4 37. Kg1 Qxg2+ 38. Qxg2 Nxg2 39. Kxg2 Rxh2+ 40. Kg3 R8h3+ 41. Kg4 Rxd3 42. Rc4 Re2 43. Kf4 Ree3 44. Rc7 Rxa3 0-1